| 000 | 01588nam a22002657a 4500 | ||
|---|---|---|---|
| 999 |
_c63059 _d63059 |
||
| 003 | Ge_BSU | ||
| 005 | 20250528112545.0 | ||
| 008 | 250528s2020 ge ||||| |||| 00| 0 geo d | ||
| 020 | _a9789941312076 | ||
| 041 | _ageo | ||
| 080 | _a123 : 316.6 ფ-94 | ||
| 100 |
_aფრომი, ერიხ _911883 |
||
| 245 |
_aთავისუფლებისგან გაქცევა / _cერიხ ფრომი; ინგლისურიდან თარგმნა მედეა რუსიშვილმა; რედაქტორები: ელზა ახვლედიანი, ნატო გორდელაძე; გარეკანის დიზაინერი თეონა ჭანიშვილი. |
||
| 264 |
_aთბილისი : _bინტელექტი, _c2020. |
||
| 300 |
_a360 გვ. ; _b 21 სმ. |
||
| 490 | _aMagnum opus | ||
| 653 | _aთავისუფლება | ||
| 653 | _aსოციალური ფსიქოლოგია | ||
| 700 |
_aრუსიშვილი, მედეა _eმთარგმნელი _925141 |
||
| 700 |
_aახვლედიანი, ელზა _eრედაქტორი _925142 |
||
| 700 |
_aგორდელაძე, ნატო _e რედაქტორი _914165 |
||
| 700 |
_aკვარაცხელია,ზვიად _eპროექტის ავტორი _97010 |
||
| 700 |
_aჭანიშვილი, თეონა _eგარეკანის დიზაინერი. _96381 |
||
| 942 |
_2udc _cᲬᲘᲒᲜᲘ |
||